Ageing through the ages : (Record no. 140683)

MARC details
000 -LEADER
fixed length control field 00669nam a22002177a 4500
005 - DATE AND TIME OF LATEST TRANSACTION
control field 20170622144302.0
010 ## - LCCN (DPL NO)
LC control number ENG-118893
020 ## - INTERNATIONAL STANDARD BOOK NUMBER
International Standard Book Number 9788171921201
Terms of availability 900.00
035 ## - SYSTEM CONTROL NUMBER
System control number EN-102425
037 ## - SOURCE OF ACQUISITION
Source of stock number/acquisition DBAD/PUB
082 ## - DEWEY DECIMAL CLASSIFICATION NUMBER
Classification number 6012.670954
245 ## - TITLE STATEMENT
Title Ageing through the ages :
Statement of responsibility, etc edited by B.K. Swain, P.K. Meshram[and] A.T. Borkar
Remainder of title from past to present and future /
260 ## - PUBLICATION, DISTRIBUTION, ETC. (IMPRINT)
Place of publication, distribution, etc Nagpur
Name of publisher, distributor, etc Dattsons
Date of publication, distribution, etc 2015
270 ## - ADDRESS
Address J.Nehru Marg, Sadar
City Nagpur
Postal code 440001
300 ## - PHYSICAL DESCRIPTION
Extent 420 .
Dimensions 24cm(pbk)
700 ## - ADDED ENTRY--PERSONAL NAME
Personal name Swain, B.K.
700 ## - ADDED ENTRY--PERSONAL NAME
Personal name Meshram, P.K.
700 ## - ADDED ENTRY--PERSONAL NAME
Personal name Borkar, A.T.
700 ## - ADDED ENTRY--PERSONAL NAME
Personal name Hiranwar, Geeta
942 ## - ADDED ENTRY ELEMENTS (KOHA)
Source of classification or shelving scheme Dewey Decimal Classification
Item type English Books
Call number suffix AGE
Classification part 612.670954
Holdings
Withdrawn status Lost status Not for loan Collection code Home library Current library Date acquired Source of acquisition Cost, normal purchase price Full call number Barcode Copy number Cost, replacement price Koha item type
    Not For Loan Non-fiction D.B.Act.Division D.B.Act.Division 22/06/2017 DBAD/PUB 900.00 612.670954 AGE EN-102425 1 900.00 English Books

© Delhi Public Library
Hit Counter
free hit counter